Matriarcadia /
Сохранить в:
| Главный автор: | |
|---|---|
| Другие авторы: | , |
| Формат: | Электронный ресурс eКнига |
| Язык: | испанский английский |
| Опубликовано: |
Tres Cantos, Madrid, España :
Akal,
[2018]
|
| Серии: | Akal bolsillo. Serie Utopías ;
346. |
| Предметы: | |
| Online-ссылка: | Digitalia Hispánica |
| Метки: |
Добавить метку
Нет меток, Требуется 1-ая метка записи!
|
MARC
| LEADER | 00000nam a2200000 i 4500 | ||
|---|---|---|---|
| 001 | DIGAKAL0519 | ||
| 003 | NyNyDIG | ||
| 007 | cr ||||||||||| | ||
| 008 | 220606s2018 sp ob 000 f spa d | ||
| 006 | m o d | ||
| 035 | |a (OCoLC)1335130081 | ||
| 040 | |a DGITA |b eng |e rda |e pn |c DGITA | ||
| 020 | |a 9788446045342 |q eBook | ||
| 020 | |z 9788446045335 | ||
| 041 | 1 | |a spa |h eng | |
| 050 | 1 | 4 | |a PS1744.G57 ebook |
| 082 | 1 | 4 | |a 813.4 |
| 100 | 1 | |a Gilman, Charlotte Perkins, |d 1860-1935, |e author. | |
| 240 | 1 | 0 | |a Herland. |l Spanish |s (Merino Redondo) |
| 245 | 1 | 0 | |a Matriarcadia / |c Charlotte Perkins Gilman ; estudio preliminar de Ramón Cotarelo García ; traducción de Celia Merino Redondo. |
| 264 | 1 | |a Tres Cantos, Madrid, España : |b Akal, |c [2018] | |
| 300 | |a 1 online resource | ||
| 336 | |a text |b txt |2 rdacontent | ||
| 337 | |a computer |b c |2 rdamedia | ||
| 338 | |a online resource |b cr |2 rdacarrier | ||
| 347 | |a text file |2 rdaft | ||
| 347 | |b EPUB | ||
| 490 | 1 | |a Akal básica de bolsillo ; |v 346. |a Serie Utopías | |
| 504 | |a Includes bibliographical references. | ||
| 588 | 0 | |a Online resource; title from ePub title page (Digitalia, viewed June 6, 2022) | |
| 655 | 7 | |a Fiction. |2 lcgft | |
| 655 | 0 | |a Electronic books. | |
| 700 | 1 | |a Cotarelo, Ramón, |d 1943- |e contributor agent of text. | |
| 700 | 1 | |a Merino Redondo, Celia, |e translator. | |
| 700 | 1 | |i Translation of: |a Gilman, Charlotte Perkins, |d 1860-1935. |t Herland. | |
| 791 | 2 | |a Digitalia (Firm), |e distributor. | |
| 793 | 0 | |g Digitalia eBook Collection: |a Akal | |
| 776 | 0 | 8 | |i Print version: |a Gilman, Charlotte Perkins, 1860-1935. |s Herland. Spanish (Merino Redondo). |t Matriarcadia. |d Tres Cantos, Madrid, España : Akal, [2018] |z 9788446045335 |
| 830 | 0 | |a Akal bolsillo. |p Serie Utopías ; |v 346. | |
| 856 | 4 | 0 | |3 Digitalia Hispánica |u https://digitalia.unach.elogim.com/a/52402/ |
| 910 | |a Premium collection: 2022 | ||